000 00316nam a2200133 i 4500
001 bg
100 1 _aPOLLO, I.
245 0 _aOzon :
_bwłaściwości, produkcja, zastosowania /
_cI. Pollo.
260 _aLublin,
_c1983.
040 _cBPK
041 _apol
942 _cKS
008 s pl f |000 0 pol
999 _c22299
_d22299
856 _uhttp://koha.tu.koszalin.pl/cgi-bin/koha/opac-detail.pl?biblionumber=22299
_yKatalog online BPK